| 000 | 02902cab a2200289 ab4500 | ||
|---|---|---|---|
| 005 | 20230616105724.0 | ||
| 008 | 991125c2014 sp qr p o 000 0 spa d | ||
| 035 | _aUPN01000213060 | ||
| 040 |
_aMX-MxUPN _bspa _cMX-MxUPN _eaacr2 |
||
| 049 | _aART-E | ||
| 100 | 1 | _aGil Flores, Javier | |
| 100 | 1 | _ujflores@us.es | |
| 245 | 0 | 0 |
_aMetodologías didácticas empleadas en las clases de ciencias y su contribución a la explicación del rendimiento _h[recurso electrónico en línea] |
| 506 | 0 | _aAcceso abierto | |
| 520 | 3 | _aLa formación científica de los ciudadanos es un objetivo común de los sistemas educativos nacionales, por lo que desde los primeros años de escolarización se cursan materias de contenido científico. Uno de los modelos didácticos propuestos ha sido el que se apoya en la investigación realizada por el alumnado. A estos modelos se atribuyen ventajas sobre los modelos de enseñanza tradicionales, en términos del aprendizaje y el interés por las ciencias logrados. El trabajo que presentamos se ha propuesto describir el tipo de actividades realizadas en las clases de ciencias y analizar su relación con el rendimiento del alumnado. Hemos trabajado con datos obtenidos en la edición 2011 de la evaluación TIMSS, promovida por la IEA (Asociación Internacional para la Evaluación del Rendimiento Educativo, por sus siglas en inglés). La muestra asciende a 4.183 alumnos que estudiaban cuarto de Educación Primaria en 151 centros de todo el territorio nacional. La información disponible sobre ellos incluye su rendimiento en ciencias y la frecuencia con que se realizan determinadas actividades en sus clases de Conocimiento del Medio. Junto a estas variables, se han considerado su interés por las ciencias y el nivel socioeconómico y cultural de las familias. Mediante análisis de componentes principales se han identificado grupos de actividades características de una metodología didáctica tradicional y de una metodología de enseñanza basada en la investigación. Los resultados muestran una reducida presencia de las metodologías investigativas frente a las metodologías tradicionales en las clases de ciencias. En general, estas metodologías cumplen un papel poco relevante en la explicación del rendimiento, a diferencia de lo que ocurre con las variables relativas al interés por las ciencias o al nivel socioeconómico y cultural. | |
| 653 | 0 | _aEnseñanza de las ciencias | |
| 653 | 0 | _aDidáctica de la ciencia | |
| 653 | 0 | _aMétodos de enseñanza | |
| 653 | 0 | _aRendimiento académico | |
| 653 | 0 | _aPruebas estandarizadas | |
| 653 | 0 | _aEducación primaria | |
| 773 |
_gNo. 366 (2014), p. 190-214 _tRevista de educación _x1988-592X |
||
| 856 | 4 | _uhttp://www.mecd.gob.es/dctm/revista-de-educacion/articulos366/re36608.pdf?documentId=0901e72b81adabbd | |
| 902 | _bLeonor Sotres/160623 | ||
| 905 | _aArticulo | ||
| 942 | _cART-E | ||
| 999 |
_c185160 _d185160 |
||